MARC details
| 000 -LEADER |
| fixed length control field |
02107cam a2200577 a 4500 |
| 001 - CONTROL NUMBER |
| control field |
20973 |
| 003 - CONTROL NUMBER IDENTIFIER |
| control field |
VRT |
| 005 - DATE AND TIME OF LATEST TRANSACTION |
| control field |
20260207125338.0 |
| 008 - FIXED-LENGTH DATA ELEMENTS--GENERAL INFORMATION |
| fixed length control field |
230403s1952 xo gr 000 d slo c |
| 015 ## - NATIONAL BIBLIOGRAPHY NUMBER |
| National bibliography number |
SNBA19451955-009490 |
| 020 ## - INTERNATIONAL STANDARD BOOK NUMBER |
| Qualifying information |
(brožované) |
| 035 ## - SYSTEM CONTROL NUMBER |
| System control number |
SK01SNKBKSFS20010083761 |
| 035 ## - SYSTEM CONTROL NUMBER |
| System control number |
urn:nbn:sk:snk-am3i5yx |
| 035 ## - SYSTEM CONTROL NUMBER |
| System control number |
3182129D-A0D9-420E-8DDE-8EE773F24F7C |
| 035 ## - SYSTEM CONTROL NUMBER |
| System control number |
urn:nbn:sk:snk-am00dl9r |
| 035 ## - SYSTEM CONTROL NUMBER |
| System control number |
SKM000086224 |
| 039 #9 - LEVEL OF BIBLIOGRAPHIC CONTROL AND CODING DETAIL [OBSOLETE] |
| Level of rules in bibliographic description |
202304032057 |
| Level of effort used to assign nonsubject heading access points |
VLOAD |
| Level of effort used to assign subject headings |
202212050957 |
| Level of effort used to assign classification |
VLOAD |
| Level of effort used to assign subject headings |
202205120832 |
| Level of effort used to assign classification |
VLOAD |
| Level of effort used to assign subject headings |
202109291403 |
| Level of effort used to assign classification |
msnk115 |
| 040 ## - CATALOGING SOURCE |
| Original cataloging agency |
SNK |
| Language of cataloging |
slo |
| Transcribing agency |
SNK |
| Description conventions |
AACR2 |
| 041 1# - LANGUAGE CODE |
| Language code of text/sound track or separate title |
slo |
| Language code of original |
rus |
| 044 ## - COUNTRY OF PUBLISHING/PRODUCING ENTITY CODE |
| MARC country code |
xo |
| ISO country code |
SK |
| 072 #7 - SUBJECT CATEGORY CODE |
| Subject category code |
821.161.1 |
| Subject category code subdivision |
Ruská literatúra, rusky písaná |
| Source |
konspekt |
| 072 #7 - SUBJECT CATEGORY CODE |
| Subject category code |
821.161.1-2 |
| Subject category code subdivision |
Ruská dráma |
| Source |
konspekt |
| 080 ## - UNIVERSAL DECIMAL CLASSIFICATION NUMBER |
| Universal Decimal Classification number |
821.161.1-2 |
| Edition identifier |
2011 |
| 080 ## - UNIVERSAL DECIMAL CLASSIFICATION NUMBER |
| Universal Decimal Classification number |
(0:82-2) |
| Edition identifier |
2011 |
| 100 1# - MAIN ENTRY--PERSONAL NAME |
| Personal name |
Popov, Ivan Fedorovič, |
| Dates associated with a name |
1886-1957 |
| Relationship |
aut |
| 240 10 - UNIFORM TITLE |
| Uniform title |
Semja |
| Language of a work |
Slovensky |
| 245 10 - TITLE STATEMENT |
| Title |
Rodina |
| Remainder of title |
dráma v štyroch dejstvách (10 obrazoch) |
| Statement of responsibility, etc. |
I. Popov ; z ruského originálu Semja ... preložil Fero Novohradčan |
| 250 ## - EDITION STATEMENT |
| Edition statement |
1. vyd. |
| 260 ## - PUBLICATION, DISTRIBUTION, ETC. |
| Place of publication, distribution, etc. |
Martin |
| Name of publisher, distributor, etc. |
Matica slovenská |
| Date of publication, distribution, etc. |
1952 |
| 300 ## - PHYSICAL DESCRIPTION |
| Extent |
99, [1] s. |
| Dimensions |
18 cm |
| 366 ## - TRADE AVAILABILITY INFORMATION |
| Note |
3300 kusov |
| 490 1# - SERIES STATEMENT |
| Series statement |
Prekladová divadelná knižnica |
| Volume/sequential designation |
sv. 22 |
| 500 ## - GENERAL NOTE |
| General note |
Brožovaná |
| 655 #7 - INDEX TERM--GENRE/FORM |
| Genre/form data or focus term |
ruské drámy |
| Source of term |
SNKPH |
| 655 #7 - INDEX TERM--GENRE/FORM |
| Genre/form data or focus term |
divadelné hry |
| Source of term |
SNKPH |
| 655 #7 - INDEX TERM--GENRE/FORM |
| Genre/form data or focus term |
Russian drama |
| Source of term |
SNKPHeng |
| 655 #7 - INDEX TERM--GENRE/FORM |
| Genre/form data or focus term |
Theatre plays |
| Source of term |
SNKPHeng |
| 700 1# - ADDED ENTRY--PERSONAL NAME |
| Personal name |
Novohradčan, Fero, |
| Dates associated with a name |
1913-2009 |
| Relationship |
trl |
| 700 1# - ADDED ENTRY--PERSONAL NAME |
| Personal name |
Tvarožek, Eduard Vladimír, |
| Dates associated with a name |
1920-1999 |
| Relationship |
red |
| 700 1# - ADDED ENTRY--PERSONAL NAME |
| Personal name |
Haas, Otto |
| Relationship |
oth |
| 830 #0 - SERIES ADDED ENTRY--UNIFORM TITLE |
| Uniform title |
Prekladová divadelná knižnica |
| 910 ## - USER-OPTION DATA (OCLC) |
| User-option data |
snk |
| 942 ## - ADDED ENTRY ELEMENTS (KOHA) |
| Source of classification or shelving scheme |
Dewey Decimal Classification |
| Koha item type |
Krásna literatúra pre dospelých |
| Suppress in OPAC |
No |
| 949 ## - LOCAL PROCESSING INFORMATION (OCLC) |
| 6 |
2889362630 |
| a |
savukA 1593 |
| o |
PV 16497 |
| 949 ## - LOCAL PROCESSING INFORMATION (OCLC) |
| 6 |
17A0662615 |
| a |
snkSD 6934/22 D2 |
| b |
snkD 1393/62 |
| 949 ## - LOCAL PROCESSING INFORMATION (OCLC) |
| 6 |
17A0662616 |
| a |
snkSD 6934/22 D1 |
| b |
snkD 1770/60 |
| 949 ## - LOCAL PROCESSING INFORMATION (OCLC) |
| 6 |
270001000626676 |
| a |
svkbbS 37463 |
| b |
svkbbm 40370 |
| 949 ## - LOCAL PROCESSING INFORMATION (OCLC) |
| 6 |
369701000018300 |
| a |
aubbD 13149 |
| b |
aubbD13149 |
| p |
Darca: DÚ BL |
| 949 ## - LOCAL PROCESSING INFORMATION (OCLC) |
| 6 |
17A0912170 |
| a |
snkSD 6934/22 |
| b |
snk3963/52 |
| o |
I. 436/52 - evidenčné číslo |
| s |
6100:20190903 |